Statistics for Mo Bamba Lyrics

Click here to take the quiz!

General Stats

  • This quiz has been taken 60 times
  • The average score is 2 of 12

Answer Stats

HintAnswer% Correct
BCallin
60%
AMO Bamba
58%
OHoes
44%
MSheck Wes
23%
MBamba
19%
MI be ballin
8%
AWest
4%
OLike my
2%
MYeah
2%
B(badword mo)
0%
Aman mo
0%
BSicko Mode
0%

Score Distribution

Percentile by Number Answered

Percent of People with Each Score

Your Score History

You have not taken this quiz